London Boroughs by Borders in 30 seconds - Statistics

General Stats
  • This quiz has been taken 1,153 times
  • The average score is 23 of 32
Answers on the Map
Answers color-coded by a green-red scale on the quiz's map according to % correct below.
 
Answer Stats
Answer % Correct
Brent
92%
Westminster
89%
Camden
87%
Wandsworth
87%
Kensington and Chelsea
83%
Lambeth
83%
Hammersmith and Fulham
81%
Greenwich
77%
Haringey
77%
Southwark
76%
Barnet
75%
Bromley
75%
Newham
74%
Tower Hamlets
74%
Croydon
73%
Ealing
73%
Lewisham
71%
Merton
71%
Barking and Dagenham
69%
Bexley
69%
Hackney
69%
Harrow
69%
Hounslow
66%
Islington
66%
Waltham Forest
66%
Richmond upon Thames
65%
Sutton
64%
Hillingdon
62%
Redbridge
59%
Havering
57%
Enfield
56%
Kingston upon Thames
55%
No matching quizzes found
Score Distribution
Percent of People with Each Score
Percentile by Number Answered
Your Score History
You have not taken this quiz